ბათუმის შოთა რუსთაველის სახელმწიფო უნივერსიტეტის ბიბლიოთეკა

ჩანაწერი Corporate Name

ჩანაწერთა რაოდენობა, რომელიც გამოყენებულია: 1

001 - CONTROL NUMBER

  • control field: 10849

003 - CONTROL NUMBER IDENTIFIER

  • control field: GE_BSU

005 - DATE AND TIME OF LATEST TRANSACTION

  • control field: 20210330141515.0

008 - FIXED-LENGTH DATA ELEMENTS

  • fixed length control field: 210330|| aca||aabn | a|a d

040 ## - CATALOGING SOURCE

  • Original cataloging agency: GE_BSU
  • Transcribing agency: GE_BSU

110 ## - HEADING--CORPORATE NAME

  • Corporate name or jurisdiction name as entry element: თსუ

670 ## - SOURCE DATA FOUND

  • Source citation: Work cat.: (GE_BSU): გამყრელიძე, ნათია 9199, მიკროსისხლძარღვთა კედლის ფუნქციების, ერითროციტების თვისებების და სისხლის დენადობის ცვლილებები ხანგრძლივი ზეწოლის სინდრომის დროს /